Библиотека как элемент информационного пространства (к разработке концепции); Библиотековедение; № 6

Bibliografiset tiedot
Parent link:Библиотековедение: журнал.— , 1993-.— 0869-608X
№ 6.— 2004.— С. 43-51
Päätekijä: Берестова Т. Ф. Татьяна Федоровна
Kieli:venäjä
Julkaistu: 2004
Sarja:Стратегия
Aiheet:
Aineistotyyppi: Kirjan osa
KOHA link:https://koha.lib.tpu.ru/cgi-bin/koha/opac-detail.pl?biblionumber=397475

MARC

LEADER 00000naa2a2200000 4500
001 397475
005 20231101064906.0
035 |a (RuTPU)RU\TPU\prd\36479 
035 |a RU\TPU\prd\36478 
090 |a 397475 
100 |a 20050609a2004 k y0rusy50 ca 
101 0 |a rus 
102 |a RU 
200 1 |a Библиотека как элемент информационного пространства (к разработке концепции)  |f  Т. Ф. Берестова 
225 1 |a Стратегия 
320 |a Библиогр.: 19 назв. 
461 0 |0 (RuTPU)RU\TPU\prd\1339  |x 0869-608X  |t Библиотековедение  |o журнал  |d 1993- 
463 0 |0 (RuTPU)RU\TPU\prd\32387  |t № 6  |v С. 43-51  |d 2004 
610 1 |a библиотеки 
610 1 |a информационное пространство 
610 1 |a структура 
610 1 |a свойства 
610 1 |a стадии развития 
610 1 |a концепции 
610 1 |a разработка 
700 1 |a Берестова  |b Т. Ф.  |g Татьяна Федоровна 
801 1 |a RU  |b 63413507  |c 20050609  |g PSBO 
801 2 |a RU  |b 63413507  |c 20060602  |g PSBO 
942 |c BK